<?xml version='1.0' encoding='UTF-8'?>
  <record xmlns="http://www.loc.gov/MARC21/slim">
    <leader>00000cam a22000007i 4500</leader>
    <controlfield tag="001">ocn901225404</controlfield>
    <controlfield tag="003">OCoLC</controlfield>
    <controlfield tag="005">20250911203839.1</controlfield>
    <controlfield tag="008">150127s1475    fr            000 0 lat d</controlfield>
    <datafield tag="040" ind1=" " ind2=" ">
      <subfield code="a">NLGGC</subfield>
      <subfield code="b">eng</subfield>
      <subfield code="e">rda</subfield>
      <subfield code="e">dcrmr</subfield>
      <subfield code="c">NLGGC</subfield>
      <subfield code="d">OCLCO</subfield>
      <subfield code="d">OCLCA</subfield>
      <subfield code="d">OCLCL</subfield>
      <subfield code="d">OCLCQ</subfield>
      <subfield code="d">QGJ</subfield>
      <subfield code="d">OCLCO</subfield>
    </datafield>
    <datafield tag="029" ind1="0" ind2=" ">
      <subfield code="a">NLGGC</subfield>
      <subfield code="b">388320338</subfield>
    </datafield>
    <datafield tag="035" ind1=" " ind2=" ">
      <subfield code="a">(OCoLC)901225404</subfield>
    </datafield>
    <datafield tag="100" ind1="0" ind2=" ">
      <subfield code="a">Hugh,</subfield>
      <subfield code="c">of Saint-Victor,</subfield>
      <subfield code="d">1096?-1141,</subfield>
      <subfield code="e">author.</subfield>
      <subfield code="4">aut</subfield>
      <subfield code="1">https://id.oclc.org/worldcat/entity/E39PBJv4mb47TBgrjkrx7gQpfq</subfield>
    </datafield>
    <datafield tag="240" ind1="1" ind2="0">
      <subfield code="a">Works.</subfield>
      <subfield code="k">Selections.</subfield>
      <subfield code="f">1474</subfield>
    </datafield>
    <datafield tag="245" ind1="1" ind2="0">
      <subfield code="a">Didascalon magistri Hugonis de studio lege[n]di</subfield>
    </datafield>
    <datafield tag="246" ind1="3" ind2=" ">
      <subfield code="a">Didascalon et alia opuscula</subfield>
    </datafield>
    <datafield tag="246" ind1="1" ind2=" ">
      <subfield code="i">Title according to ISTC:</subfield>
      <subfield code="a">Didascalicon de studio legendi et alia opuscula</subfield>
    </datafield>
    <datafield tag="246" ind1="1" ind2=" ">
      <subfield code="i">Title according to GW:</subfield>
      <subfield code="a">Didascalicon de studio legendi etc.</subfield>
    </datafield>
    <datafield tag="264" ind1=" " ind2="1">
      <subfield code="a">[Strassburg] :</subfield>
      <subfield code="b">[Printer of Henricus Ariminensis (Georg Reyser?)],</subfield>
      <subfield code="c">[not after 1474]</subfield>
    </datafield>
    <datafield tag="300" ind1=" " ind2=" ">
      <subfield code="a">[246] leaves ;</subfield>
      <subfield code="c">29 cm (folio)</subfield>
    </datafield>
    <datafield tag="336" ind1=" " ind2=" ">
      <subfield code="a">text</subfield>
      <subfield code="b">txt</subfield>
      <subfield code="2">rdacontent</subfield>
    </datafield>
    <datafield tag="337" ind1=" " ind2=" ">
      <subfield code="a">unmediated</subfield>
      <subfield code="b">n</subfield>
      <subfield code="2">rdamedia</subfield>
    </datafield>
    <datafield tag="338" ind1=" " ind2=" ">
      <subfield code="a">volume</subfield>
      <subfield code="b">nc</subfield>
      <subfield code="2">rdacarrier</subfield>
    </datafield>
    <datafield tag="340" ind1=" " ind2=" ">
      <subfield code="m">folio</subfield>
      <subfield code="2">rdabf</subfield>
    </datafield>
    <datafield tag="500" ind1=" " ind2=" ">
      <subfield code="a">Title from incipit of main text on leaf [7] recto, which reads: Incipit didascalon magistri Hugonis de studio lege[n]di.</subfield>
    </datafield>
    <datafield tag="500" ind1=" " ind2=" ">
      <subfield code="a">Explicit of main text (on leaf [244]): Q[od] in sinistra contra malum munimen circu[m]spectionis designat. Q[od] sursum est retro est quia que futura sunt non videntur. Deo gratias</subfield>
    </datafield>
    <datafield tag="500" ind1=" " ind2=" ">
      <subfield code="a">First line of text (tabula): Incipiunt capitula septem libro[rum] Didascalicon magistri Hugonis prioris Sancti Victoris.</subfield>
    </datafield>
    <datafield tag="500" ind1=" " ind2=" ">
      <subfield code="a">Explicit of tabula: Et sic est finis registri libri sententia[rum] vel assertionu[m] [etc].</subfield>
    </datafield>
    <datafield tag="500" ind1=" " ind2=" ">
      <subfield code="a">Imprint from ISTC. Printed in type (1:120G) ascribed to Georg Reyser by Ohly, and tentatively to Heinrich Eggestein by Needham, Christie's, Doheny 19.</subfield>
    </datafield>
    <datafield tag="500" ind1=" " ind2=" ">
      <subfield code="a">Signatures: [a⁶b–m¹⁰n⁸o⁶p–zAB¹⁰C⁶]; C5 and C6 are blank.</subfield>
    </datafield>
    <datafield tag="500" ind1=" " ind2=" ">
      <subfield code="a">Signatures from variant in GW.</subfield>
    </datafield>
    <datafield tag="500" ind1=" " ind2=" ">
      <subfield code="a">Capital spaces without guide letters.</subfield>
    </datafield>
    <datafield tag="500" ind1=" " ind2=" ">
      <subfield code="a">"Includes Hugh of Saint-Victor's De tribus diebus, De anima Christi, De laude caritatis, De substantia dilectionis, De contemptu mundi, De studio orandi, De quattuor voluntatibus in Christo, De meditatione, De quibusdam versiculis psalmorum, De verbo incarnato, Epistula ad Johannem Hispalensem archiepiscopum and Miscellanea. Also includes Richard of St. Victor's Benjamin minor, De Lya et Rachel uxoribus Jacob and Pseudo-Hugh of Saint-Victor's De filia Jephtae and Summa sententiarum." Source: ISTC.</subfield>
    </datafield>
    <datafield tag="500" ind1=" " ind2=" ">
      <subfield code="a">Printed in 33 lines.</subfield>
    </datafield>
    <datafield tag="505" ind1="0" ind2=" ">
      <subfield code="a">Leaf [7] recto: Didascalicon de studio legendi. — Leaf [57] recto: De tribus diebus (Verbum bonum et vita sapiens …). — Leaf [76] recto: De anima Christi (Prudenti ac religiosi …). — Leaf [86] verso: De laude caritatis (Nam multos iam laudatores …). — Leaf [91] recto: De substantia dilectionis (Quotidianum de dilectione sermonem serimus …). — Leaf [93] recto: De contemptu mundi (In primis quidem si ceperit …). — Leaf [94] verso: De virtute orandi (Quo studio et quo affectu …). — Leaf [101] verso: Richardus de Sancto Victore: Benjamin minor (Beniamin adolescentulus in mentis excessu …). — Leaf [142] verso: Pseudo-Hugo de Sancto Victore: De filia Jephtae (Et factus est numerus eorum …). — Leaf [154] recto: Hugo de Sancto Victore: De quattuor voluntatibus in Christo (Queris de voluntate Dei …). — Leaf [157] recto: De meditatione (Meditatio est frequens cogitatio …). — Leaf [159] verso: De quibusdam versiculis psalmorum (Beatus vir … Quamdiu anima per contemplationem …). — Leaf [201] verso: Epistola ad Johannem Hispalensem Archiepiscopum (Ioanni Hispalensium archiepiscopo Hugo servus crucis Christi …). — Leaf [203] verso: De unione corporis et spiritus (Quo natum est ex carne …). — Leaf [206] recto: Miscellanea (Vocalis dicit. Sequere cursum sermonis …).</subfield>
    </datafield>
    <datafield tag="510" ind1="4" ind2=" ">
      <subfield code="a">Incunabula Short Title Catalogue,</subfield>
      <subfield code="c">ih00532000</subfield>
      <subfield code="u">https://data.cerl.org/istc/ih00532000</subfield>
    </datafield>
    <datafield tag="510" ind1="4" ind2=" ">
      <subfield code="a">Gesamtkatalog der Wiegendrucke,</subfield>
      <subfield code="c">GW13625</subfield>
      <subfield code="u">https://www.gesamtkatalogderwiegendrucke.de/docs/GW13625.htm</subfield>
    </datafield>
    <datafield tag="510" ind1="4" ind2=" ">
      <subfield code="a">Incunabula in Dutch libraries,</subfield>
      <subfield code="c">2427</subfield>
    </datafield>
    <datafield tag="510" ind1="4" ind2=" ">
      <subfield code="a">Typenrepertorium der Wiegendrucke,</subfield>
      <subfield code="c">ma05006</subfield>
      <subfield code="u">https://tw.staatsbibliothek-berlin.de/ma05006</subfield>
    </datafield>
    <datafield tag="546" ind1=" " ind2=" ">
      <subfield code="b">Typeface: 1:120G</subfield>
    </datafield>
    <datafield tag="650" ind1=" " ind2="0">
      <subfield code="a">Philosophy, Medieval</subfield>
      <subfield code="v">Early works to 1800.</subfield>
    </datafield>
    <datafield tag="650" ind1=" " ind2="0">
      <subfield code="a">Spiritual life</subfield>
      <subfield code="x">Christianity</subfield>
      <subfield code="v">Early works to 1800.</subfield>
    </datafield>
    <datafield tag="650" ind1=" " ind2="0">
      <subfield code="a">Philosophy</subfield>
      <subfield code="v">Early works to 1800.</subfield>
    </datafield>
    <datafield tag="650" ind1=" " ind2="0">
      <subfield code="a">Theology</subfield>
      <subfield code="v">Early works to 1800.</subfield>
    </datafield>
    <datafield tag="650" ind1=" " ind2="0">
      <subfield code="a">Mysticism</subfield>
      <subfield code="v">Early works to 1800.</subfield>
    </datafield>
    <datafield tag="650" ind1=" " ind2="0">
      <subfield code="a">Arts, Medieval.</subfield>
    </datafield>
    <datafield tag="630" ind1="0" ind2="0">
      <subfield code="a">Bible</subfield>
      <subfield code="x">Criticism, interpretation, etc.</subfield>
      <subfield code="v">Early works to 1800.</subfield>
    </datafield>
    <datafield tag="650" ind1=" " ind2="6">
      <subfield code="a">Philosophie médiévale</subfield>
      <subfield code="v">Ouvrages avant 1800.</subfield>
    </datafield>
    <datafield tag="650" ind1=" " ind2="6">
      <subfield code="a">Vie spirituelle</subfield>
      <subfield code="x">Christianisme</subfield>
      <subfield code="v">Ouvrages avant 1800.</subfield>
    </datafield>
    <datafield tag="650" ind1=" " ind2="6">
      <subfield code="a">Philosophie</subfield>
      <subfield code="v">Ouvrages avant 1800.</subfield>
    </datafield>
    <datafield tag="650" ind1=" " ind2="6">
      <subfield code="a">Mysticisme</subfield>
      <subfield code="v">Ouvrages avant 1800.</subfield>
    </datafield>
    <datafield tag="650" ind1=" " ind2="6">
      <subfield code="a">Arts médiévaux.</subfield>
    </datafield>
    <datafield tag="630" ind1="0" ind2="6">
      <subfield code="a">Bible</subfield>
      <subfield code="x">Critique, interprétation, etc.</subfield>
      <subfield code="v">Ouvrages avant 1800.</subfield>
    </datafield>
    <datafield tag="655" ind1=" " ind2="0">
      <subfield code="a">Incunabula</subfield>
    </datafield>
    <datafield tag="655" ind1=" " ind2="7">
      <subfield code="a">incunabula (books)</subfield>
      <subfield code="2">aat</subfield>
    </datafield>
    <datafield tag="655" ind1=" " ind2="7">
      <subfield code="a">Incunables.</subfield>
      <subfield code="2">rvmgf</subfield>
    </datafield>
    <datafield tag="700" ind1="0" ind2="2">
      <subfield code="i">Container of (work):</subfield>
      <subfield code="a">Richard,</subfield>
      <subfield code="c">of St. Victor,</subfield>
      <subfield code="d">-1173.</subfield>
      <subfield code="t">Benjamin minor.</subfield>
    </datafield>
    <datafield tag="700" ind1="0" ind2=" ">
      <subfield code="a">Printer of Henricus Ariminensis,</subfield>
      <subfield code="e">printer.</subfield>
      <subfield code="4">prt</subfield>
      <subfield code="1">https://id.oclc.org/worldcat/entity/E39PCjD7vYPhJvgGMYg7YXf6rq</subfield>
    </datafield>
    <datafield tag="700" ind1="1" ind2=" ">
      <subfield code="a">Reyser, Georg,</subfield>
      <subfield code="d">-1504,</subfield>
      <subfield code="e">printer.</subfield>
      <subfield code="4">prt</subfield>
      <subfield code="1">https://id.oclc.org/worldcat/entity/E39PBJjT3mqQxFQHCfTX8DCJDq</subfield>
    </datafield>
    <datafield tag="700" ind1="1" ind2=" ">
      <subfield code="a">Eggestein, Heinrich,</subfield>
      <subfield code="d">approximately 1415-</subfield>
      <subfield code="e">attributed name,</subfield>
      <subfield code="e">printer.</subfield>
      <subfield code="4">att</subfield>
      <subfield code="4">prt</subfield>
      <subfield code="1">https://id.oclc.org/worldcat/entity/E39PBJr7VKxtwkmMqQKvpBp9Dq</subfield>
    </datafield>
    <datafield tag="752" ind1=" " ind2=" ">
      <subfield code="a">France</subfield>
      <subfield code="d">Strasbourg,</subfield>
      <subfield code="e">publication place.</subfield>
      <subfield code="4">pup</subfield>
    </datafield>
    <datafield tag="936" ind1=" " ind2=" ">
      <subfield code="a">BATCHLOAD</subfield>
    </datafield>
  </record>